Data abstraction and problem solving with C++ : (Record no. 47744)

MARC details
000 -LEADER
fixed length control field 00980pam a2200289 a 4500
001 - CONTROL NUMBER
control field 1181608
003 - CONTROL NUMBER IDENTIFIER
control field 0
005 - DATE AND TIME OF LATEST TRANSACTION
control field 20170111115324.0
008 - FIXED-LENGTH DATA ELEMENTS--GENERAL INFORMATION
fixed length control field 970723s1998 maua 001 0 eng
010 ## - LIBRARY OF CONGRESS CONTROL NUMBER
LC control number 97030265
020 ## - INTERNATIONAL STANDARD BOOK NUMBER
International Standard Book Number 9780201874020
040 ## - CATALOGING SOURCE
Transcribing agency 0
050 00 - LIBRARY OF CONGRESS CALL NUMBER
Classification number QA 76.73
Item number .C153C38 1998
100 1# - MAIN ENTRY--PERSONAL NAME
Personal name Carrano, Frank M.
245 10 - TITLE STATEMENT
Title Data abstraction and problem solving with C++ :
Remainder of title walls and mirrors /
Statement of responsibility, etc Frank M. Carrano, Paul Helman, Robert Veroff.
250 ## - EDITION STATEMENT
Edition statement 2nd ed.
260 ## - PUBLICATION, DISTRIBUTION, ETC. (IMPRINT)
Place of publication, distribution, etc Reading, Mass. :
Name of publisher, distributor, etc Addison-Wesley,
Date of publication, distribution, etc 1998.
300 ## - PHYSICAL DESCRIPTION
Extent xxi, 702, [123] p. :
Other physical details ill. ;
Dimensions 26 cm.
500 ## - GENERAL NOTE
General note Includes index.
650 #0 - SUBJECT ADDED ENTRY--TOPICAL TERM
Topical term or geographic name as entry element C++ (Computer program language)
650 #0 - SUBJECT ADDED ENTRY--TOPICAL TERM
Topical term or geographic name as entry element Abstract data types (Computer science)
650 #0 - SUBJECT ADDED ENTRY--TOPICAL TERM
Topical term or geographic name as entry element Problem solving
General subdivision Data processing.
700 1# - ADDED ENTRY--PERSONAL NAME
Personal name Helman, Paul.
700 1# - ADDED ENTRY--PERSONAL NAME
Personal name Veroff, Robert.
942 ## - ADDED ENTRY ELEMENTS (KOHA)
Source of classification or shelving scheme Library of Congress Classification
Koha item type Book
Holdings
Withdrawn status Lost status Source of classification or shelving scheme Damaged status Not for loan Collection code Home library Current library Shelving location Date acquired Source of acquisition Cost, normal purchase price Full call number Barcode Copy number Price effective from Koha item type
    Library of Congress Classification     Non-fiction Bishop Okullu Memorial Library (Limuru Campus) Bishop Okullu Memorial Library (Limuru Campus) General Circulation 11/01/2017 Donation-BFA 500.00 QA 76.73 .C153C38 1998 049235 1 11/01/2017 Book